000 00367pam a2200157a 44500
008 230515b1980 xxu||||| |||| 00| 0 eng d
020 _aNULL
041 _aENGL
082 _a005.133/ LEL.
100 _aLEVENTHAL V.
245 _aLANCE LEVENTHALS 80386 PROGRAMMING GUIDE
250 _aN.D.
260 _aNULL
_bBANTA
_c1980
300 _a351 PB
650 _aNULL
999 _c618522
_d618522